000 00600nam a2200229Ia 4500
003 OSt
005 20221006165059.0
006 a|||||r|||| 00| 0
007 ta
008 221006b |||||||| |||| 00| 0 eng d
024 _a2,251
037 _cTextual
040 _aFML
_cFML
_beng
041 _2eng
_aeng
082 _aNT441, K0
100 _aRanganathan H K Au.
_9679047
245 0 _aThe Karnatak Theatre
260 _aDharwar
_bKarnatak University Press
_c1960
300 _a242
_ccm.
942 _hNT441, K0
_cTEXL
_2CC
999 _c1119527
_d1119527